000 00710na a2200241 4500
001 17506
003 MIRAKIL
005 20181213154808.0
008 161025b tu 000 0
020 _a9757306444
040 _aMilas
_btur
_cTR-AnCHP
041 _atur
082 _a711.409561
_bY37 1998
090 _a711.409561 Y37 1998
245 _a75 yılda değişen kent ve mimarlık
_cEditör Yıldız Sey
260 _aİstanbul
_bTürkiye Ekonomik ve Toplumsal Tarih Vakfı
_c1998
300 _a353 s.
_bFotg. ; res. ; tbl.
_c24 sm.
490 _aBilanço Yayın Dizisi
_v98
650 _aMimarlık
_zTürkiye
650 _aKent planlaması
_zTürkiye
700 _aSey, Yıldız
942 _2ddc
_cBKS
999 _c979
_d979